Giáo trình cây lương thực; T1 Cây lúa

Uloženo v:
Podrobná bibliografie
Hlavní autor: Nguyễn Hữu Tề...[et al.]
Médium: Kniha
Jazyk:Undetermined
Vydáno: Hà Nội Nông Nghiệp 1997
Témata:
Tagy: Přidat tag
Žádné tagy, Buďte první, kdo otaguje tento záznam!
Thư viện lưu trữ: Trung tâm Học liệu Trường Đại học Cần Thơ
LEADER 00559nam a2200181Ia 4500
001 CTU_28015
008 210402s9999 xx 000 0 und d
082 |a 633.1 
082 |b Gi108/T1 
100 |a Nguyễn Hữu Tề...[et al.] 
245 0 |a Giáo trình cây lương thực; T1 
245 0 |b Cây lúa 
245 0 |c Nguyễn Hữu Tề...[et al.] 
260 |a Hà Nội 
260 |b Nông Nghiệp 
260 |c 1997 
650 |a agriculture - research,grain,rice 
980 |a Trung tâm Học liệu Trường Đại học Cần Thơ